[Event "Stay Safe Play From Home 290"]
[Site "Emanuel Lasker Arena"]
[Date "2020.07.09"]
[Round "4"]
[White "Fischer_11"]
[Black "Ironmike"]
[Result "1-0"]
[WhiteElo "2068"]
[BlackElo "1938"]
[Annotator "NA"]
[PlyCount "39"]
[EventDate "2020.07.09"]
[EventType "swiss (blitz)"]
[BlackTeam "SV Horst-Emscher I"]

{- Dönges, Dirk (1820)} 1. e4 {[%emt 0:00:02]} c5 {[%emt 0:00:00]} 2. c3 {[%emt 0:00:01]} Nc6 {[%emt 0:00:00]} 3. d4 {[%emt 0:00:01]} cxd4 {[%emt 0:00:01]} 4. cxd4 {[%emt 0:00:00]} e6 {[%emt 0:00:01]} 5. d5 {[%emt 0:00:01]} exd5 {[%emt 0:00:01]} 6. exd5 {[%emt 0:00:00]} Ne5 {[%emt 0:00:01]} 7. d6 {[%emt 0:00:02]} Qb6 {[%emt 0:00:02]} 8. Qe2 {[%emt 0:00:02]} Qxd6 {[%emt 0:00:02]} 9. f4 {[%emt 0:00:01]} Qb4+ {[%emt 0:00:01]} 10. Nc3 {[%emt 0:00:03]} Ne7 {[%emt 0:00:03]} 11. fxe5 {[%emt 0:00:02]} d6 {[%emt 0:00:00]} 12. exd6 {[%emt 0:00:02]} Qxd6 {[%emt 0:00:00]} 13. Nf3 {[%emt 0:00:01]} g6 {[%emt 0:00:02]} 14. Nb5 {[%emt 0:00:03]} Qb4+ {[%emt 0:00:02]} 15. Bd2 {[%emt 0:00:02]} Qc5 {[%emt 0:00:01]} 16. Rc1 {[%emt 0:00:03]} Qb6 {[%emt 0:00:01]} 17. Nc7+ {[%emt 0:00:01]} Kd7 {[%emt 0:00:00]} 18. Nxa8 {[%emt 0:00:01]} Qd6 {[%emt 0:00:02]} 19. Ne5+ {[%emt 0:00:03]} Ke8 {[%emt 0:00:05]} 20. Nc7+ {[%emt 0:00:02] Ironmike gibt auf (Lag: Av=0.37s, max=1.3s)} 1-0

[Event "Stay Safe Play From Home 290"]
[Site "Emanuel Lasker Arena"]
[Date "2020.07.09"]
[Round "4"]
[White "Tartak"]
[Black "Haxhi Baha"]
[Result "0-1"]
[WhiteElo "1750"]
[BlackElo "1979"]
[Annotator "TA"]
[PlyCount "68"]
[EventDate "2020.07.09"]
[EventType "swiss (blitz)"]

{[%evp 9,67,0,0,-43,8,0,6,-10,33,-42,-51,-193,110,29,25,23,43,-13,21,0,53,-78,-65,-76,-80,-128,-112,-128,-106,-110,-116,-124,-78,-78,-71,-181,-175,-201,-190,-287,-237,-249,247,247,252,246,780,12,18,0,0,-85,-100,-1362,-1163,-29997,-29998,-29998,-29999,-29999]} 1. e4 e6 2. d4 d5 3. e5 c5 4. Nf3 Nc6 5. c3 Qb6 6. Qc2 {[#] C02: French: Advance Variation.} a5 $146 (6... cxd4 $15 7. Bd3 Bd7) ({Predecessor:} 6... Bd7 7. Be3 Rc8 8. Nbd2 cxd4 9. Nxd4 Nxd4 10. Bxd4 Qxd4 11. Nf3 Qe4+ 12. Qxe4 dxe4 13. Ng5 f5 14. exf6 Nxf6 {0-1 (47) Schilay,V (1111)-Sinka,S (1292) Willingen 2019}) 7. Be3 Bd7 8. Bd3 {The position is equal.} Rc8 9. Qe2 (9. dxc5 $14 Bxc5 10. Bxc5 Qxc5 11. O-O) 9... cxd4 $15 10. cxd4 (10. Bxd4 $15 Nxd4 11. Nxd4) 10... Bb4+ $2 ({Black should play} 10... Nb4 $19 11. Nbd2 a4) 11. Nbd2 (11. Nc3 $16) 11... Nge7 12. O-O Nf5 13. Nb3 (13. Nb1 $14) 13... Nxe3 14. fxe3 a4 ({Black should try} 14... h6 $11) 15. Nc5 (15. Ng5 $1 $14 {stays ahead.} Nd8 16. Nc1) 15... Bxc5 $17 16. dxc5 Qxc5 17. Rfc1 Qb4 18. b3 a3 19. Rc2 O-O 20. Rac1 f5 21. exf6 Rxf6 22. Ng5 (22. Ne5 $17 Qd6 23. Nxd7 Qxd7 24. Bb5) 22... h6 $19 23. Nh7 {[#]} Rf7 $1 24. Qh5 (24. Bg6 {might work better.} Be8 25. g3 (25. Bxf7+ $2 Bxf7 26. Qf3 Bg6 $19 {[%mdl 64] Double Attack})) 24... Qe7 25. Bg6 Rf6 $4 {[%mdl 8192]} (25... Be8 $19 {and all is fine. Strongly threatening ...Rf5!} 26. Qg4 Rd8) 26. Nxf6+ $18 Qxf6 27. Rf2 Qe5 $2 {[#]} (27... Qg5 28. Qxg5 hxg5) 28. Rcf1 $2 (28. Rxc6 $1 $18 {[%mdl 512]} Qa1+ (28... bxc6 29. Qxe5) 29. Rf1 Qxf1+ 30. Kxf1 Rf8+ 31. Kg1 Bxc6 32. Qe5) 28... Qxe3 $11 29. Bf7+ Kh8 {And now ...Nd4 would win.} 30. Kh1 (30. Qe2 $11 Qd4 31. Kh1) 30... Ne5 $17 {aiming for ...Qxf2!} 31. Bxe6 $2 {[%mdl 8192] [#]} (31. h3 $17 Bb5 32. Bxe6 Bxf1 33. Rxf1) 31... Qxf2 $1 $19 {[%mdl 576] Deflection, Back Rank} 32. Rxf2 Rc1+ {Black mates.} 33. Qd1 Rxd1+ 34. Rf1 Rxf1# {What a bad dream for White. Accuracy: White = 29%, Black = 43%.} 0-1

[Event "Stay Safe Play From Home 290"]
[Site "Emanuel Lasker Arena"]
[Date "2020.07.09"]
[Round "4"]
[White "Justwatch"]
[Black "SoulofWolf"]
[Result "0-1"]
[WhiteElo "1692"]
[BlackElo "2260"]
[Annotator "TA"]
[PlyCount "86"]
[EventDate "2020.07.09"]
[EventType "swiss (blitz)"]

{[%evp 9,86,19,28,16,25,-20,-12,-33,-29,-51,-31,-117,-46,-72,-57,-89,-83,-89,22,18,33,-32,-12,-434,-398,-577,-558,-568,-537,-567,-515,-814,-806,-915,-912,-1219,-695,-686,-677,-662,-408,-702,-714,-729,-681,-652,247,255,229,241,391,410,1010,-11,101,-314,-62,-735,-8,-2,-4,-757,-35,-195,-116,-904,0,-48,-27,-1223,-1137,-1876,-1193,-1204,-1193,-1304,-1253,-29986,-1987]} 1. e4 c5 2. Nf3 a6 3. Nc3 b5 4. g3 Bb7 5. Bg2 d6 6. d3 {B28: Sicilian: 2 Nf3 a6 (O'Kelly Variation).} Nd7 {[#]} 7. Ne2 $146 ({Predecessor:} 7. O-O Ngf6 8. Qe2 e6 9. Nh4 Qc7 10. f4 Nb6 11. Bd2 b4 12. Nd1 Be7 13. f5 {0-1 (43) Dimov,D (1905)-Petkov,V (2564) Blagoevgrad 2013}) 7... g6 8. Nf4 {The position is equal.} Bg7 9. Nh3 e6 10. Bd2 (10. Nh4 $15) 10... h6 ({Better is} 10... Bxb2 $17 11. Rb1 Bg7) 11. Qc1 Ne7 12. Be3 Qc7 13. O-O f6 (13... g5 $17 {And now ...g4 would win.} 14. Ne1 f5) 14. Nf4 $11 Kf7 15. Bh3 (15. c4 $14) 15... Nf8 16. e5 $2 {[%mdl 8192]} (16. a4 $11 {and White stays safe.}) 16... dxe5 17. Ne2 (17. Nxe5+ {was necessary.} Qxe5 18. a4) 17... Bxf3 $19 18. Nc3 Bb7 19. Bg2 Nd5 20. Bxd5 (20. a4 $142) 20... exd5 21. f4 d4 {[%mdl 64] Double Attack} 22. fxe5 Qxe5 23. Bf4 Qe7 24. Ne4 Rc8 25. Qd2 (25. Nd6+ $142 Kg8 26. Nxc8 Bxc8 27. Qe1) 25... Bxe4 26. dxe4 Qxe4 27. Rae1 Re8 $4 {[%mdl 8192]} (27... Qc6 $19 {avoids the disaster.} 28. Qg2 Qxg2+ 29. Kxg2 Ne6) 28. Rxe4 $18 Rxe4 29. Qa5 Nd7 (29... Re6 $142 30. Qc7+ Kg8 31. Qxc5 Kh7 32. Qxd4 f5) 30. Qc7 ({Much less strong is} 30. Qxa6 f5 $18) 30... Re6 (30... Re7 $142 31. Bd6 {[%mdl 64] Double Attack} Rhe8 32. Bxe7 Rxe7) 31. Qa5 $2 (31. Qxd7+ $18 Re7 32. Qd5+ {[%mdl 64] Double Attack} Re6 33. Re1) 31... g5 (31... Rc8 $11 {keeps the balance.}) 32. Qd2 $2 {[%mdl 8192]} (32. Qc7 $16 {is forced if you want to stay better.} Ke7 33. Bd2) 32... Rhe8 $2 (32... gxf4 $19 33. gxf4 Rhe8) 33. Kg2 $2 {[%mdl 8192]} (33. Bc7 $15) 33... Ne5 $2 ({Black should try} 33... Re2+ $19 34. Rf2 Rxd2 35. Bxd2 Kg6) 34. Bxe5 $1 $11 Rxe5 35. Kh3 $2 {[%mdl 8192]} (35. Qd3 $11) 35... Re4 $2 (35... Re2 $1 $19 {[%cal Re2d2]} 36. Rf2 Rxd2 37. Rxd2 f5) 36. Qd3 $2 (36. Rf2 $1 $15) 36... c4 ({Black should play} 36... Re2 $1 $19 {Threatens to win with ...h5.} 37. Qh7 c4) 37. Qf3 $2 {[%mdl 8192]} (37. Qd1 $17) 37... Re3 $2 (37... g4+ $19 38. Qxg4 Rxg4 39. Kxg4 Re2 {[%mdl 64] Double Attack}) 38. Qf5 R8e6 39. Qxe6+ $4 {[%mdl 8192]} (39. Qc5 $11) 39... Rxe6 40. Rf3 Re5 41. Rf2 f5 42. Rd2 Ke6 43. Rxd4 {[#]} g4+ {Accuracy: White = 19%, Black = 33%.} (43... Re2 $142 $1 44. Rf4 gxf4 45. gxf4 Rxc2 46. Kg3 Rxb2 47. Kf3 Bd4 48. Kg3 c3 49. Kh4 Bf6+ 50. Kh5 Kf7 51. h3 {[#]} Rh2 $1 {[%mdl 512]} 52. Kxh6 Rxh3#) 0-1

[Event "Stay Safe Play From Home 290"]
[Site "Emanuel Lasker Arena"]
[Date "2020.07.09"]
[Round "4"]
[White "Trotsky"]
[Black "Mandy"]
[Result "1-0"]
[WhiteElo "1607"]
[BlackElo "900"]
[Annotator "NA RC"]
[PlyCount "33"]
[EventDate "2020.07.09"]
[EventType "swiss (blitz)"]

1. d4 {[%emt 0:00:01]} d5 {[%emt 0:00:02]} 2. e3 {[%emt 0:00:00]} c6 {[%emt 0:00:01]} 3. c4 {[%emt 0:00:01]} Bf5 {[%emt 0:00:01]} 4. Nc3 {[%emt 0:00:01]} Nf6 {[%emt 0:00:01]} 5. h3 {[%emt 0:00:02]} g6 {[%emt 0:00:01]} 6. c5 {[%emt 0:00:01]} Bg7 {[%emt 0:00:01]} 7. g4 {[%emt 0:00:01]} Bd7 {[%emt 0:00:10]} 8. Bd3 {[%emt 0:00:01]} b5 {[%emt 0:00:08]} 9. Qc2 {[%emt 0:00:01]} a6 {[%emt 0:00:02]} 10. Nf3 {[%emt 0:00:01]} Qc7 {[%emt 0:00:02]} 11. Bd2 {[%emt 0:00:02]} e6 {[%emt 0:00:06]} 12. O-O-O {[%emt 0:00:01]} O-O {[%emt 0:00:01]} 13. Ng5 {[%emt 0:00:02]} h6 {[%emt 0:00:05]} 14. h4 {[%emt 0:00:02]} h5 {[%emt 0:00:02]} 15. Bxg6 {[%emt 0:00:02]} fxg6 {[%emt 0:00:03]} 16. Qxg6 {[%emt 0:00:01]} Nxg4 {[%emt 0:00:08]} 17. Qh7# {[%emt 0:00:02] (Lag: Av=0.42s, max=0.6s)} 1-0

[Event "Stay Safe Play From Home 290"]
[Site "Emanuel Lasker Arena"]
[Date "2020.07.09"]
[Round "4"]
[White "Klasman"]
[Black "Bardellosport"]
[Result "0-1"]
[WhiteElo "1400"]
[BlackElo "1965"]
[Annotator "TA"]
[PlyCount "44"]
[EventDate "2020.07.09"]
[EventType "swiss (blitz)"]

{[%evp 9,44,-25,-31,-88,-29,-37,-4,-6,4,-10,5,2,1,-58,-64,-131,45,29,117,120,91,-68,66,-107,-16,-11,205,-563,-562,-752,-664,-1109,-1070,-923,-10,-10,-9]} 1. f4 d6 2. e4 Nd7 3. d4 Ngf6 4. Bd3 e5 5. d5 c6 6. c4 {[#] B07: Pirc Defence: Miscellaneous Systems.} ({White should play} 6. dxc6 $15 bxc6 7. Nf3) 6... cxd5 $146 (6... exf4 $17 {White must now prevent ...Qb6.} 7. Bxf4 Qb6) ({Predecessor:} 6... Qc7 7. Nc3 Be7 8. Nf3 O-O 9. Qc2 Nc5 10. Be2 cxd5 11. exd5 e4 12. Ng5 h6 13. Ngxe4 Nfxe4 14. Nxe4 {0-1 (30) Kadonas,K (1940)-Van Neijhof,R (2015) ICCF email 2008}) 7. cxd5 $11 Nc5 8. Nc3 Be7 9. Nf3 O-O 10. fxe5 dxe5 11. Nxe5 (11. O-O $11) 11... Bd6 $1 $15 {[%cal Rd6e5]} 12. Nf3 ({Only move:} 12. Nc4 $15) 12... Qc7 $2 {[#]} ({Better is} 12... Ncxe4 $17 13. Nxe4 Nxe4 14. Bxe4 Re8) 13. O-O $1 $14 Re8 (13... Bg4 $11 {keeps the balance.}) 14. Nb5 $16 Qb6 15. Nxd6 $2 (15. Be3 $16 {Qc2 is the strong threat.} Bf4 16. Bd4 (16. Bxf4 Nxd3+ 17. Nfd4 Nxf4 $15)) 15... Qxd6 (15... Ncxe4+ $15 16. Kh1 Qxd6) 16. Nd4 $2 (16. e5 $14 {was forced to keep a grip.} Qxd5 17. Bb5 Qxd1 18. Rxd1) 16... Nxd3 ({Black should try} 16... Bg4 $17 17. Be2 Bxe2 18. Qxe2 Rxe4) 17. Qxd3 $11 Rxe4 $2 {[#]} (17... Nxe4 $11 {and Black is okay.} 18. Nb5 Qa6) 18. Nf5 $4 {[%mdl 8192]} (18. Rxf6 $1 $18 {[%mdl 512] was the only winning move.} Qxd5 (18... Qxf6 19. Qxe4) 19. Rf4 Re1+ 20. Kf2) 18... Bxf5 $1 $19 19. Rxf5 Qb6+ 20. Kf1 Rae8 {[%csl Ge8][%cal Re4e1]} 21. Bg5 Qd6 $2 (21... Ng4 $19 {[%cal Rg4h2]} 22. Qg3 f6) 22. Bxf6 $1 $11 gxf6 {[%mdl 32768] Accuracy: White = 30%, Black = 37%. . Loss on time!?} 0-1

[Event "Stay Safe Play From Home 290"]
[Site "Emanuel Lasker Arena"]
[Date "2020.07.09"]
[Round "5"]
[White "AChessPlayer"]
[Black "Eidgenosse"]
[Result "1-0"]
[WhiteElo "2395"]
[BlackElo "2475"]
[Annotator "TA"]
[PlyCount "133"]
[EventDate "2020.07.09"]
[EventType "swiss (blitz)"]

{[%evp 17,132,9,92,87,77,61,82,75,108,108,111,13,116,113,93,82,94,76,84,74,114,109,127,85,79,0,0,0,122,71,162,108,116,77,75,0,0,0,104,0,0,0,0,0,0,-236,-194,-185,-185,-935,-934,-882,-834,-771,-300,-270,-252,-326,-377,-317,-66,-83,13,6,83,0,0,0,0,0,0,0,396,0,0,0,693,681,1740,1611,1524,1356,2063,623,29987,29988,29989,29990,29990,29988,29992,29991,29991,29991,29994,29995,29996,29995,29995,29996,29996,29996,29996,29996,29998,29997,29998,29997,29998,29996,29999,29998,29998,29998,29998,29998,29999]} 1. e4 d6 2. Nf3 Nf6 3. Nc3 Nbd7 4. d4 e5 5. Bc4 Be7 6. a4 O-O 7. O-O c6 8. Re1 b6 9. d5 {9.h3 is more advanced technology.} c5 (9... cxd5 $11 10. Nxd5 (10. exd5 Bb7 $11) (10. Bxd5 Nxd5 11. Nxd5 Bb7 $11) 10... Bb7) 10. Bf1 {C41: Philidor Defence.} a6 11. Nd2 {[#]} Rb8 $146 ({Predecessor:} 11... Ne8 12. Nc4 Bg5 13. g3 Bxc1 14. Qxc1 Rb8 15. Qe3 g6 16. f4 Qe7 17. Rab1 Nef6 {0-1 (28) Dimitrov,A (2298)-Solak,D (2557) Ermioni Argolidas 2005}) 12. Nc4 {White is better.} g6 13. Bh6 Re8 14. Qd2 (14. Be2 $16) 14... Bf8 (14... Ng4 $1 $11) 15. Bxf8 (15. Be2 {is interesting.} Bxh6 16. Qxh6 Qc7 17. Ne3 Qd8 18. Rf1) 15... Nxf8 16. g3 Qe7 17. Bg2 Nh5 18. Rf1 f5 19. exf5 gxf5 20. Rae1 Qf6 21. a5 (21. f4 $16 {And now fxe5 would win.} e4 22. g4) 21... b5 $1 $11 {[%cal Rb5c4]} 22. Nb6 e4 (22... Qg6 $11) 23. b4 (23. f3 $142) 23... c4 (23... Nd7 $16 {keeps fighting.}) 24. Ne2 (24. f3 $18) 24... Nd7 $16 25. Nxc8 Rbxc8 26. Nf4 ({Better is} 26. f3 $16) 26... Nxf4 $11 27. Qxf4 Ne5 {[#]} (27... Re5 $11) 28. f3 (28. Bxe4 $1 $16 {[%mdl 512]} Rf8 (28... fxe4 29. Qxf6) 29. Bg2) 28... Ng6 29. Qd2 {[%cal Rf3e4]} c3 $36 {[%mdl 2048] Black is more active.} 30. Qd1 {[%cal Rf3e4]} e3 31. Qd3 $2 (31. f4 $11 {and White has nothing to worry.}) 31... f4 $19 32. Bh3 Rc4 $1 33. Bf5 $2 (33. Kh1) 33... Ne5 34. Bxh7+ Kg7 35. Qf5 Qxf5 $2 (35... Qh6 36. Re2 Qxh7 37. Qxh7+ Kxh7) 36. Bxf5 Kf6 37. Be6 Rxb4 38. gxf4 Rxf4 $2 (38... Nc4 $1 $19 {Strongly threatening ...Rb2.} 39. Re2 Nd2 40. Rxe3 Nxf1 41. Kxf1 Rxf4 42. Rxc3 Ra4) 39. Rxe3 $15 Re7 (39... b4 $17) 40. Rxc3 $11 {Black should prevent Rc8.} Rc4 (40... Nc4 $11 {keeps the balance.}) 41. Re3 (41. Rxc4 $16 Nxc4 42. Bc8) 41... Rg7+ 42. Kh1 Rxc2 {White must now prevent ...Rgg2.} 43. f4 Nc4 44. Rh3 Ke7 $2 {[%mdl 8192] [#]} (44... Rgg2 $11 {and Black is okay.}) 45. f5 $2 (45. Rh6 $1 $18 {Threatens to win with f5.} Ne3 {[#]} 46. f5 $1 {[%mdl 512]} Rxh2+ 47. Kxh2 (47. Rxh2 Nxf1 48. f6+ Kxf6 $16) 47... Nxf1+ 48. Kh3) 45... Kf6 46. Rh6+ Ke5 $2 {[%mdl 8192]} (46... Kg5 $11 47. Rg6+ Rxg6 48. Rg1+ (48. fxg6 Kh6 $11) 48... Kf4 49. Rf1+ (49. fxg6 Ne5 $11) 49... Kg5 50. Rg1+ (50. fxg6 Kh6 $11) 50... Kf4 51. Rf1+ (51. fxg6 Ne5 $11) 51... Kg5) 47. f6 $18 Rgg2 48. Rh5+ Kd4 49. f7 Ne3 50. Re1 (50. f8=Q $142 Rgf2 51. Qg7+ Kc4 52. Ra1) 50... Ng4 51. f8=Q {White mates.} Nf2+ 52. Kxg2 Nd3+ 53. Kh3 Ne5 54. Qf6 Rc3+ 55. Kh4 Rh3+ 56. Kxh3 Kc5 57. Kh4 Kb4 58. Rhxe5 Kxa5 59. Rf5 b4 60. Rf4 Ka4 61. Rc1 a5 62. Rc6 Ka3 63. Rb6 b3 64. Rf5 {[%cal Rf6a1]} Ka2 {[#]} 65. Qc3 $1 a4 {[#]} 66. Qb4 $1 b2 67. Qxb2# {White used his chance. Accuracy: White = 53%, Black = 48%.} 1-0

[Event "Stay Safe Play From Home 290"]
[Site "Emanuel Lasker Arena"]
[Date "2020.07.09"]
[Round "5"]
[White "Mepe_Nika"]
[Black "Fischer_11"]
[Result "0-1"]
[WhiteElo "2361"]
[BlackElo "2079"]
[Annotator "NA"]
[PlyCount "96"]
[EventDate "2020.07.09"]
[EventType "swiss (blitz)"]

1. d4 {[%emt 0:00:01]} Nf6 {[%emt 0:00:01]} 2. Bf4 {[%emt 0:00:00]} e6 {[%emt 0:00:00]} 3. e3 {[%emt 0:00:01]} d5 {[%emt 0:00:00]} 4. c4 {[%emt 0:00:01]} c6 {[%emt 0:00:01]} 5. Nc3 {[%emt 0:00:01]} Bd6 {[%emt 0:00:00]} 6. Bxd6 {[%emt 0:00:01]} Qxd6 {[%emt 0:00:00]} 7. Nf3 {[%emt 0:00:00]} a6 {[%emt 0:00:02]} 8. Qc2 {[%emt 0:00:01]} O-O {[%emt 0:00:01]} 9. c5 {[%emt 0:00:02]} Qc7 {[%emt 0:00:02]} 10. Bd3 {[%emt 0:00:00]} Nbd7 {[%emt 0:00:02]} 11. O-O {[%emt 0:00:01]} e5 {[%emt 0:00:01]} 12. Nxe5 {[%emt 0:00:00]} Nxe5 {[%emt 0:00:00]} 13. dxe5 {[%emt 0:00:00]} Qxe5 {[%emt 0:00:01]} 14. b4 {[%emt 0:00:01]} a5 {[%emt 0:00:01]} 15. a3 {[%emt 0:00:01]} Bg4 {[%emt 0:00:03]} 16. h3 {[%emt 0:00:01]} Bh5 {[%emt 0:00:01]} 17. b5 {[%emt 0:00:04]} Bg6 {[%emt 0:00:04]} 18. Bxg6 {[%emt 0:00:01]} hxg6 {[%emt 0:00:00]} 19. bxc6 {[%emt 0:00:01]} bxc6 {[%emt 0:00:00]} 20. Rab1 {[%emt 0:00:00]} Nd7 {[%emt 0:00:02]} 21. Ne2 {[%emt 0:00:02]} Rab8 {[%emt 0:00:01]} 22. Nd4 {[%emt 0:00:01]} Rbc8 {[%emt 0:00:07]} 23. Rb7 {[%emt 0:00:02]} Rc7 {[%emt 0:00:02]} 24. Rfb1 {[%emt 0:00:01]} Rfc8 {[%emt 0:00:02] Fischer_11 bietet Remis} 25. Nxc6 {[%emt 0:00:08]} Rxc6 {[%emt 0:00:02]} 26. Rxd7 {[%emt 0:00:01]} Rxc5 {[%emt 0:00:00]} 27. Qd2 {[%emt 0:00:03]} Rc2 {[%emt 0:00:03]} 28. Qd1 {[%emt 0:00:04]} Qf5 {[%emt 0:00:01]} 29. Rd8+ {[%emt 0:00:09] Mepe_Nika offers a draw} Rxd8 {[%emt 0:00:03]} 30. Qe1 {[%emt 0:00:04]} Rdc8 {[%emt 0:00:02]} 31. Rd1 {[%emt 0:00:00]} Rb2 {[%emt 0:00:02]} 32. g4 {[%emt 0:00:00]} Qf3 {[%emt 0:00:02]} 33. Rd2 {[%emt 0:00:01]} Rcc2 {[%emt 0:00:01]} 34. Rxc2 {[%emt 0:00:01]} Rxc2 {[%emt 0:00:00]} 35. Qf1 {[%emt 0:00:00]} Rd2 {[%emt 0:00:01]} 36. Kh2 {[%emt 0:00:01]} Rd1 {[%emt 0:00:00]} 37. Qg2 {[%emt 0:00:01]} Qe2 {[%emt 0:00:01]} 38. Kg3 {[%emt 0:00:01]} Qe1 {[%emt 0:00:00]} 39. Kh4 {[%emt 0:00:01]} Qg1 {[%emt 0:00:00]} 40. Qxg1 {[%emt 0:00:00]} Rxg1 {[%emt 0:00:01]} 41. Kg5 {[%emt 0:00:00]} Rc1 {[%emt 0:00:00]} 42. h4 {[%emt 0:00:00]} Ra1 {[%emt 0:00:00]} 43. h5 {[%emt 0:00:00]} Rxa3 {[%emt 0:00:00]} 44. hxg6 {[%emt 0:00:00]} fxg6 {[%emt 0:00:00]} 45. Kf4 {[%emt 0:00:01]} Rb3 {[%emt 0:00:00]} 46. Ke5 {[%emt 0:00:00]} a4 {[%emt 0:00:00]} 47. e4 {[%emt 0:00:01]} a3 {[%emt 0:00:00]} 48. Kd6 {[%emt 0:00:00]} a2 {[%emt 0:00:00]} 0-1

[Event "Stay Safe Play From Home 290"]
[Site "Emanuel Lasker Arena"]
[Date "2020.07.09"]
[Round "5"]
[White "SoulofWolf"]
[Black "Lamborghini"]
[Result "1-0"]
[WhiteElo "2262"]
[BlackElo "2218"]
[Annotator "TA"]
[PlyCount "97"]
[EventDate "2020.07.09"]
[EventType "swiss (blitz)"]

{[%evp 9,97,7,22,0,18,40,19,1,7,0,35,-6,23,24,45,8,8,10,9,-33,23,6,11,8,37,0,55,-2,14,6,40,31,68,45,42,25,41,31,48,12,28,4,19,20,27,20,33,0,0,-12,-6,0,20,9,19,16,20,20,40,20,20,0,20,20,363,39,234,64,152,36,270,-169,-159,-159,-159,-159,-159,-190,-180,-180,-180,-442,-430,-421,-406,-375,374,-311,-296,-915]} 1. c4 g6 2. Nf3 Bg7 3. g3 Nf6 4. Bg2 O-O 5. O-O c6 6. d3 {A15: English Opening: 1...Nf6.} d6 {[#]} 7. Re1 $146 ({Predecessor:} 7. Nc3 e5 8. Rb1 a5 9. a3 Re8 10. Qc2 h6 11. b4 axb4 12. axb4 d5 13. e4 dxc4 14. dxc4 Qc7 15. c5 Be6 16. Rd1 Nbd7 17. h3 b6 18. cxb6 Qxb6 {½-½ (51) Antipov,M (2582)-Kamsky,G (2676) Bastia 2017}) 7... Nfd7 8. Nbd2 {The position is equal.} Re8 9. Rb1 Nf8 10. b3 Nbd7 11. Qc2 b6 12. a4 Bb7 13. h4 a5 14. e4 Nf6 (14... e5 $15) 15. Bb2 e5 16. d4 Qc7 17. Rbc1 Rad8 (17... exd4 $11 18. Bxd4 Ne6) 18. Qb1 ({White should play} 18. dxe5 $14 dxe5 19. c5) 18... Bh6 19. Rcd1 c5 20. d5 Bc8 21. Nf1 Ng4 22. N1h2 Bg7 23. Bc1 h6 24. Bd2 Nh7 25. Qc1 Nhf6 26. Re2 Kh7 27. Rde1 Nxh2 28. Kxh2 Ng4+ 29. Kg1 f5 30. Nh2 Nxh2 31. Kxh2 Rf8 32. exf5 Bxf5 33. f3 Rf7 34. Kg1 Rdf8 35. Be3 Bd3 36. Rd2 e4 $2 {[%mdl 8192]} (36... Bf5 $11) 37. f4 $2 (37. fxe4 $18 Bxc4 38. Qxc4) 37... Bd4 $2 (37... Qd8 $14) 38. Rf2 $2 ({Better is} 38. Bxd4 $18 cxd4 39. Bxe4 Bxe4 40. Rxe4) 38... Qe7 ({Black should try} 38... Re7 $14) 39. Qd2 (39. Bxd4 $1 $16 cxd4 40. Rd2) 39... Qf6 $2 (39... Bf6 $14) 40. Bf1 $4 {[%mdl 8192]} (40. Bxd4 $1 $18 {was the only winning move.} Qxd4 41. Bxe4 $1 {[%mdl 512]} Bxe4 42. Qxd4 cxd4 43. Rxe4) 40... Bc3 $36 {[%mdl 2112] Skewer. Keeping White busy.} 41. Qc1 Bxe1 42. Qxe1 Bxf1 43. Rxf1 Qb2 44. Qd1 Qc3 45. Bf2 $2 (45. Re1) 45... e3 46. Be1 Qd4 47. Qe2 g5 $4 {[%mdl 8192] [#]} (47... Re7 $19 {and life is good for Black. Strongly threatening ...Rff7.} 48. Kh2 h5) 48. Rf3 $4 {[%mdl 8192]} (48. Qc2+ $1 $18 Kg8 49. Bc3 e2+ 50. Bxd4 exf1=Q+ 51. Kxf1 cxd4 52. Qg6+ Rg7 53. Qxd6 (53. Qxh6 gxh4 54. Qxd6 Rxg3 $16)) 48... gxf4 49. g4 $2 {[%mdl 32768] Accuracy: White = 49%, Black = 58%. . Loss on time!?} (49. Qc2+ Kg8 50. Bc3 e2+ 51. Kh2) 1-0

[Event "Stay Safe Play From Home 290"]
[Site "Emanuel Lasker Arena"]
[Date "2020.07.09"]
[Round "5"]
[White "Viani A Dcunha"]
[Black "Klasman"]
[Result "1-0"]
[WhiteElo "2210"]
[BlackElo "1399"]
[Annotator "TA"]
[PlyCount "25"]
[EventDate "2020.07.09"]
[EventType "swiss (blitz)"]

{[%evp 9,25,96,125,75,74,62,99,67,185,31,185,0,15,-52,140,111,129,43]} 1. e4 f5 2. exf5 Nf6 3. g4 {[#]} h6 $146 ({Predecessor:} 3... d6 4. g5 Ne4 5. Qh5+ Kd7 6. d3 Nc5 7. d4 Nca6 8. Nf3 c6 9. Bd2 Kc7 {1-0 (21) Jakobeit,D-Alker,D Braunschweig 2003}) 4. d4 d5 5. Nf3 e6 6. fxe6 {B00: Queen's Fianchetto Defence, Nimzowitsch Defence.} Bxe6 7. Ne5 Nc6 8. Bb5 {Hoping for Qe2.} Qd6 (8... Bb4+ $1 $14 9. c3 Bd6) 9. Bf4 $2 {[#]} ({Better is} 9. O-O $18) 9... O-O-O $2 (9... Bxg4 $1 $14 10. f3 (10. Nxg4 Qxf4 {[%mdl 64] Double Attack} 11. Nxf6+ Qxf6 $15) 10... Bd7) 10. Nc3 $2 ({Only move:} 10. Bxc6 $1 $18 {Threatens to win with 0-0.} bxc6 11. O-O) 10... Bxg4 11. Qd2 (11. f3 $11 Bf5 12. Bxc6 bxc6 13. Qe2) 11... Qb4 $2 (11... Nxe5 $1 $15 {keeps the upper hand.} 12. Bxe5 (12. dxe5 Qe6 $17) 12... Qe6) 12. Bxc6 $16 ({Much worse is} 12. Nxc6 $6 bxc6 13. a3 (13. Bxc6 Qb6 $11) 13... Qe7+ 14. Be2 Bxe2 $11) 12... bxc6 13. f3 {Accuracy: White = 22%, Black = 20%.} (13. O-O $16) 1-0